000 00674nam a22001817a 4500
999 _c371485
_d371485
008 201127b ||||| |||| 00| 0 eng d
040 _aDE-2950
_bger
_cDE-2950
_erda
041 _ager
245 _aBSOF spielt ukrainische Hymne.
_bUkraine: Mit der Nationalhymne und der Unterzeichnung einer Erklärung zeigt sich das Orchester solidarisch /
_cRed.
264 _c2022
653 _aFrankfurt (Oder)
653 _aStaatsorchester
773 _dFrankfurt (Oder) Märkisches Verlags- und Druckhaus GmbH & Co KG
_tMärkische Oderzeitung
_g33. Jahrgang (2022) Nr. 49 vom28.02.2022, S. 11
942 _cA